000
00333nam a22001457a 4500
008
210305b ||||| |||| 00| 0 eng d
020
_a
0716712792
041
_a
eng
080
_a
91
082
_a
91
100
_a
42
101
_a
GJEO
245
_a
Petrology Igneous, Sedimentary and Metamorphic
_c
Ehlers, E.G
942
_2
udc
_c
BK
999
_c
55778
_d
55778